000 00775nam a22002534a 4500
001 50483
005 20230411090003.0
008 071220m20079999sp b b 000 0dspa
035 _a(OCoLC)ocn184947643
040 _aDRFGD
_cDRFGD
035 _a(OCoLC)184947643
049 _aGRAL
245 0 0 _aHistoria contemporánea de América Latina
_bAuge y Caida de la autarquia
246 3 _aColección historia contemporánea de América Latina
260 _aMadrid :
_bEditorial Síntesis,
_cc2007-
300 _av. <5> : 357 p. ;
_c23 cm.
505 1 _aHistoria 1950-1980
520 _aIncludes bibliographical references.
700 1 _aPerez Herrero, Pedro
700 1 _aPalacios, Guillermo.
700 1 _aMoraga, Fabio.
942 _2lcc
_cbk
994 _aC0
_bDRFGD
999 _c110456
_d110456